¡Me convertí en un dragón escupefuego! /

Spremljeno u:
Bibliografski detalji
Glavni autor: Ma, Lai (autor)
Format: Knjiga
Jezik:španjolski
Izdano: México : La Cifra, 2022, c2022
Teme:
Oznake: Dodaj oznaku
Bez oznaka, Budi prvi tko označuje ovaj zapis!

MARC

LEADER 00000nam^a2200000^a^4500
001 000566589
005 20250521000000.0
009 20260310132110.056
020 |a 978-607-9209-96-4 
037 |a Acervo ITESO - Biblioteca 
041 |a ESP 
082 |a 808. 899282  |b MA 
100 |a Ma, Lai  |e (autor) 
245 1 0 |a ¡Me convertí en un dragón escupefuego! /  |c L. Ma ; tr. por Alonso Coronado. 
264 4 |a México :  |b La Cifra,  |c 2022, c2022 
300 |a [39 p.] 
336 |a texto  |b txt  |2 rdacontenido 
337 |a sin mediación  |b n  |2 rdamedio 
338 |a volumen  |b nc  |2 rdasoporte 
500 |a Traducción de: I'm Breathing Fire! 
649 |a XX 
650 |a Libros para Niños 
650 |a Cuentos Infantiles -  |z China 
650 |a Cuentos Chinos 
650 |a Literatura China -  |y Siglo XXI 
650 |a Literatura Infantil -  |z China 
650 |a Dragones en la Literatura 
910 |a Fondo General 
920 |a Impresos - Libros 
930 |a Colección General 
940 |a Literatura 
905 |a 101 
901 |a 0500394962  |b IT1  |c LIT  |d ES  |i C182677  |u 20250521 
902 |a https://opac.biblio.iteso.mx/vufind/Record/000566589